Impacto de un programa de atención domiciliaria al enfermo crónico en ancianos: calidad de vida y reingresos hospitalarios /
Se evaluó el impacto a tres meses de un esquema institucional de atención domiciliaria a ancianos mayores de 60 años con dependencia funcional, en contraste con la atención habitual que reciben los pacientes al egreso hospitalario; dichos ancianos eran derechohabientes del Instituto Mexicano de Segu...
Guardado en:
| Hovedforfatter: | |
|---|---|
| Andre forfattere: | , , , , |
| Format: | Texto |
| Fag: | |
| Tags: |
Tilføj Tag
Ingen Tags, Vær først til at tagge denne postø!
|
MARC
| LEADER | 00000 a a2200000 04500 | ||
|---|---|---|---|
| 001 | 43090 | ||
| 003 | |||
| 040 | |||
| 100 | |a Espinel-Bermúdez, María Claudia | ||
| 245 | |a Impacto de un programa de atención domiciliaria al enfermo crónico en ancianos: |b calidad de vida y reingresos hospitalarios / |c María Claudia Espinel-Bermúdez ; Sergio Sánchez-García ; Teresa Juárez-Cedillo ; José Juan García González ; Alvaro Viveros Pérez ; Carmen García Peña | ||
| 500 | |a mcgarciapena@gmail.com | ||
| 520 | |a Se evaluó el impacto a tres meses de un esquema institucional de atención domiciliaria a ancianos mayores de 60 años con dependencia funcional, en contraste con la atención habitual que reciben los pacientes al egreso hospitalario; dichos ancianos eran derechohabientes del Instituto Mexicano de Seguro Social. Al término del estudio, no se encontraron diferencias significativas en la readmisión hospitalaria; no obstante se afirma que retrasar clínicamente el reingreso hospitalario y disminuir el tiempo de estancia de los pacientes se explica por la influencia de un programa que permite contener el uso de servicios y diferir esta atención al equipo de visitas domiciliarias. Finalmente se concluye que la introducción de modelos de atención domiciliaria representa una alternativa para la contención de servicios y para mejorar la red de apoyo al anciano. | ||
| 590 | |a KSR/JUNIO2012 | ||
| 650 | |a 1.ANCIANOS | ||
| 650 | |a 2.ENFERMEDADES CRONICAS | ||
| 650 | |a 3.SALUD PUBLICA | ||
| 650 | |a 4.INSTITUTO MEXICANO DE SEGURO SOCIAL | ||
| 650 | |a 5.MEXICO | ||
| 700 | |a Sánchez-García, Sergio | ||
| 700 | |a Juárez-Cedillo, Teresa | ||
| 700 | |a García González, José Juan | ||
| 700 | |a Viveros Pérez, Alvaro | ||
| 700 | |a García Peña, Carmen | ||
| 773 | |g volumen53, número1 ( , 2011), páginas 17-25 : tablas | ||
| 999 | |c 32309 |d 32309 | ||
